|
|
|
|
| LEADER |
01200nam a22003254a 4500 |
| 001 |
EBC214332 |
| 003 |
MiAaPQ |
| 005 |
20200520144314.0 |
| 006 |
m o d | |
| 007 |
cr cn||||||||| |
| 008 |
040408s2004 nju s 000 0 eng |
| 010 |
|
|
|z 2004007925
|
| 020 |
|
|
|z 0471681946 (cloth)
|
| 035 |
|
|
|a (MiAaPQ)EBC214332
|
| 035 |
|
|
|a (Au-PeEL)EBL214332
|
| 035 |
|
|
|a (CaPaEBR)ebr10114098
|
| 035 |
|
|
|a (CaONFJC)MIL26524
|
| 035 |
|
|
|a (OCoLC)475920747
|
| 040 |
|
|
|a MiAaPQ
|c MiAaPQ
|d MiAaPQ
|
| 050 |
|
4 |
|a HG6046.5
|b .C66 2004
|
| 082 |
0 |
4 |
|a 332.64/4
|2 22
|
| 245 |
0 |
0 |
|a Commodity trading advisors
|h [electronic resource] :
|b risk, performance analysis, and selection /
|c [edited by] Greg N. Gregoriou ... [et al.].
|
| 260 |
|
|
|a Hoboken, NJ :
|b Wiley,
|c c2004.
|
| 300 |
|
|
|a xxiii, 424 p.
|
| 533 |
|
|
|a Electronic reproduction. Ann Arbor, MI : ProQuest, 2015. Available via World Wide Web. Access may be limited to ProQuest affiliated libraries.
|
| 650 |
|
0 |
|a Commodity trading advisors.
|
| 655 |
|
4 |
|a Electronic books.
|
| 700 |
1 |
|
|a Gregoriou, Greg N.,
|d 1956-
|
| 710 |
2 |
|
|a ProQuest (Firm)
|
| 856 |
4 |
0 |
|u https://ebookcentral.proquest.com/lib/matrademy/detail.action?docID=214332
|z Click to View
|